000 00928nam a22002777a 4500
001 BR8800236
003 BR-BrBNA
005 20230928092821.0
007 ta
008 230509b bl.||||| |||| 00| 0 por d
040 _aBR-BrBNA
_bpor
_cBiblioteca Nacional de Agricultura
041 _a(Por)
072 _aK50
_b8901
_b/G514
090 _ 8901 BR8800236
100 1 _aOliveira, J.T. da S.
110 1 _aUniversidade Federal de Vicosa, MG (Brasil)
_0Tese (Magister Scientiae)
245 1 _aEstudo das propriedades fisicas e tecnologicas da madeira da Pindaiba (Xylopia sericea St. Hill)
260 3 _aVicosa, MG (Brasil):
_c1988.
300 _a106 p.
500 _a43 ref.; Summary (Por). (*) Documento disponível na(o) Universidade Federal de Vicosa, MG (Brazil)
650 _aPINDAIBA BRANCA
650 _aMADEIRA
650 _aPROPRIEDADE FISICO-QUIMICA
909 _a202309
_bLucia
_c55
_dLucia Elande
942 _cBK
999 _c41366
_d41366